Взрывные работы при разведке полезных ископаемых

Бібліографічні деталі
Інші автори: Брылов С. А., Грабчак Л. Г., Бухаров Г. Н., Багдасаров Ш. Б.
Резюме:Авт. указаны на обороте тит. л.
Мова:Російська
Опубліковано: Москва, Недра, 1985
Предмети:
Формат: Книга
KOHA link:https://koha.lib.tpu.ru/cgi-bin/koha/opac-detail.pl?biblionumber=109962

MARC

LEADER 00000nam0a2200000 4500
001 109962
005 20231031120232.0
020 |a RU  |b 85-84823 
035 |a (RuTPU)RU\TPU\book\118757 
090 |a 109962 
100 |a 20070216d1985 km y0rusy5003 ca 
101 0 |a rus 
102 |a RU 
105 |a a z 000zy 
200 1 |a Взрывные работы при разведке полезных ископаемых  |f С. А. Брылов [и др.] 
210 |a Москва  |c Недра  |d 1985 
215 |a 222 с.  |c ил. 
300 |a Авт. указаны на обороте тит. л. 
610 1 |a буровзрывные работы 
610 1 |a проходка 
610 1 |a горноразведочные выработки 
610 1 |a полезные ископаемые 
610 1 |a разведка 
610 1 |a взрывные работы 
675 |a 622.235.6  |z rus 
701 1 |a Брылов  |b С. А. 
701 1 |a Грабчак  |b Л. Г. 
701 1 |a Бухаров  |b Г. Н. 
701 1 |a Багдасаров  |b Ш. Б. 
801 0 |a RU  |b RuMRKP  |c 19950704  |g psbo 
801 1 |a RU  |b 63413507  |c 20070216  |g PSBO 
801 2 |a RU  |b 63413507  |c 20131114  |g PSBO 
900 |a Технология проведения горноразведочных выработок 
942 |c BK